IFM Opac

Quantitative techniques manual (Record no. 6448)

MARC details
000 -LEADER
fixed length control field 00429nam a2200157Ia 4500
008 - FIXED-LENGTH DATA ELEMENTS--GENERAL INFORMATION
fixed length control field 150509s9999 xx 000 0 und d
020 ## - INTERNATIONAL STANDARD BOOK NUMBER
International Standard Book Number 9976 78 006 0
082 ## - DEWEY DECIMAL CLASSIFICATION NUMBER
Classification number 510 BAR
100 ## - MAIN ENTRY--PERSONAL NAME
Personal name Baradyana, J. S.
245 ## - TITLE STATEMENT
Title Quantitative techniques manual
260 ## - PUBLICATION, DISTRIBUTION, ETC.
Place of publication, distribution, etc. Dar es Salaam:
260 ## - PUBLICATION, DISTRIBUTION, ETC.
Name of publisher, distributor, etc. National Board of Accountants and Auditors (NBAA)
260 ## - PUBLICATION, DISTRIBUTION, ETC.
Date of publication, distribution, etc. 2000
300 ## - PHYSICAL DESCRIPTION
Extent xv, 232 p. : ill. ; 29 cm.
650 ## - SUBJECT ADDED ENTRY--TOPICAL TERM
Topical term or geographic name entry element Mathematics
Holdings
Withdrawn status Lost status Source of classification or shelving scheme Damaged status Not for loan Home library Current library Shelving location Date acquired Full call number Barcode Date last seen Price effective from Koha item type Collection code Total Checkouts
    Dewey Decimal Classification   Not For Loan IFM Main Campus Library IFM Main Campus Library   05/15/2015 510 BAR 0000013462 01/22/2019 05/15/2015 Books    
    Dewey Decimal Classification     IFM Main Campus Library IFM Mwanza Campus Mwanza Teaching Center 08/28/2020 510 BAR   08/28/2020 08/28/2020 Books Non-fiction